LIBRARY & INFORMATION CENTRE, KCAET, TAVANUR

ONLINE PUBLIC ACCESS CATALOGUE (OPAC)

Short course in surveying / (Record no. 9807)

MARC details
000 -LEADER
fixed length control field 00439cam a2200169ua 4500
041 ## - LANGUAGE CODE
Language code of text/sound track or separate title eng
082 ## - DEWEY DECIMAL CLASSIFICATION NUMBER
Classification number 624.1517
Item number DAV/SH
100 ## - MAIN ENTRY--AUTHOR NAME
Personal name Davis, Raymond E .
245 ## - TITLE STATEMENT
Title Short course in surveying /
250 ## - EDITION STATEMENT
Edition statement 1 /
260 ## - PUBLICATION, DISTRIBUTION, ETC. (IMPRINT)
Place of publication New York :
Name of publisher McGraw Hill Book Company ,
Year of publication 1942.
300 ## - PHYSICAL DESCRIPTION
Number of Pages 330 ; .
700 1# - ADDED ENTRY--PERSONAL NAME
Personal name Kelly, Joe Wallace .
942 ## - ADDED ENTRY ELEMENTS (KOHA)
Koha item type Books
Holdings
Withdrawn status Lost status Damaged status Home library Current library Date acquired Full call number Accession Number Koha item type
    Damaged KAUAET KAUAET 07/04/2012 624.1517 5958 Books
free website counter